| 000 | 00817cam a2200253 4500 | ||
|---|---|---|---|
| 001 | WB3610-28 | ||
| 008 | 000000n2000 000 0 eng u | ||
| 035 | _a(Sirsi) u104737 | ||
| 245 | _aDelay in the right to buy | ||
| 260 | _c2000 | ||
| 490 |
_aHerald _v 9 March 2000, 15(1) |
||
| 520 | _aThe right to buy may be suspended for new council and housing association tenants in rural areas with the worst housing shotages in Scotland. There may be a delay for existing tenants in rural areas. | ||
| 590 | _aWB | ||
| 650 | _aHOUSING ASSOCIATIONS | ||
| 650 | _aCOUNCIL HOUSING | ||
| 650 | _aSCOTLAND | ||
| 650 | _aHOUSING SHORTAGE | ||
| 650 | _aSCOTTISH HOMES | ||
| 650 | _aEMPTY HOUSES | ||
| 650 | _aSOCIAL INCLUSION PARTNERSHIP | ||
| 650 | _aSIP | ||
| 690 |
_aAffordable housing _96215 |
||
| 942 | _n0 | ||
| 999 |
_c62832 _d62832 |
||